000 00442nam a2200145Ia 4500
008 100204s9999 xx 000 0 und d
082 _b26235
100 _aनगर्सेकर सुरेश
245 _aडायबिटीस
260 _b"मनोरमा प्रकाशन , मुंबई"
_c2004
300 _a255
630 _aडायबिटीस
730 _aडायबिटीस
942 _cBOOK
999 _c471415
_d471412